| 000 | 01028cam a2200361 a 4500 | ||
|---|---|---|---|
| 999 |
_c142 _d142 |
||
| 001 | 017151953 | ||
| 003 | UkOxU | ||
| 005 | 20190729085053.0 | ||
| 008 | 080227r20081945enk 000 1 eng | ||
| 015 |
_aGBA853992 _2bnb |
||
| 016 |
_a014583565 _2Uk |
||
| 020 | _a9780141036137 (pbk.) | ||
| 020 | _a0141036133 (pbk.) | ||
| 035 | _a(OCoLC)222152704 | ||
| 035 | _a(OCoLC)ocn222152704 | ||
| 035 | _a(UK-CovUW)b22446199 | ||
| 035 | _a(UkLCURL)15b22446199 | ||
| 038 | _aOCoLC | ||
| 040 |
_aUKM _cUKM _dBTCTA _dYDXCP _dOCLCG |
||
| 049 | _lo | ||
| 082 | 0 | 4 |
_aFIC ORW _222 |
| 090 |
_aWar _bPR 6029.R9 |
||
| 100 | 1 |
_aOrwell, George, _d1903-1950. _eauthor |
|
| 245 | 1 | 0 |
_aAnimal farm : _ba fairy story / _cGeorge Orwell. |
| 260 |
_aLondon : _bViking, _c2008. |
||
| 300 |
_aviii, 94 p. ; _c18 cm. |
||
| 500 | _aFirst published: London: Martin Secker & Warburg, 1945. | ||
| 650 | 0 |
_aFarms _vFiction. |
|
| 650 | 0 |
_aLivestock _vFiction. |
|
| 650 | 0 |
_aPolitical corruption _vFiction. |
|
| 942 |
_2ddc _cFIC |
||